Statystyki dla 5 największych języków słowiańskich

Kliknij tutaj aby rozwiązać quiz!

Ogólne statystyki

  • Ten quiz został rozwiązany 1 172 razy
  • Średni wynik to 5 z 5

Statystyki odpowiedzi

Głośniki ca.Język% Poprawnych
55 millionpolski
100%
160 millionrosyjski
98%
11 millionczeski
93%
40 millionukraiński
93%
21 millionserbsko-chorwacki
67%

Rozkład punktacji

Percentyl według liczby udzielonych odpowiedzi

Procent ludzi z każdym wynikiem

Twoja historia wyników

Nie rozwiązałeś tego quizu